<?xml version="1.0" encoding="UTF-8"?>
<record
    xmlns:xsi="http://www.w3.org/2001/XMLSchema-instance"
    xsi:schemaLocation="http://www.loc.gov/MARC21/slim http://www.loc.gov/standards/marcxml/schema/MARC21slim.xsd"
    xmlns="http://www.loc.gov/MARC21/slim">

  <leader>00695nam a2200169Ia 4500</leader>
  <controlfield tag="008">090711s9999    xx            000 0 und d</controlfield>
  <datafield tag="082" ind1=" " ind2=" ">
    <subfield code="b">69128</subfield>
  </datafield>
  <datafield tag="100" ind1=" " ind2=" ">
    <subfield code="a">&#x92A;&#x920;&#x93E;&#x923; &#x92F;&#x942;.&#x92E;.</subfield>
  </datafield>
  <datafield tag="245" ind1=" " ind2=" ">
    <subfield code="a">"&#x906;&#x920;&#x935; - &#x91C;&#x94D;&#x91E;&#x93E;&#x928;&#x926;&#x947;&#x935;&#x93E;&#x902;S&#x93E;&#x93E;, &#x91C;&#x94D;&#x91E;&#x93E;&#x928;&#x926;&#x947;&#x935;&#x940;S&#x93E;&#x93E;"</subfield>
  </datafield>
  <datafield tag="260" ind1=" " ind2=" ">
    <subfield code="b">&#x92E;&#x927;&#x941;&#x930;&#x93E;&#x91C; &#x92A;&#x92C;&#x94D;&#x932;&#x93F;&#x915;&#x947;&#x936;&#x928; &#x92A;&#x94D;&#x930;. &#x932;&#x93F;.</subfield>
    <subfield code="c">1992</subfield>
  </datafield>
  <datafield tag="300" ind1=" " ind2=" ">
    <subfield code="a">92</subfield>
  </datafield>
  <datafield tag="600" ind1=" " ind2=" ">
    <subfield code="a">&#x92A;&#x920;&#x93E;&#x923; &#x92F;&#x942;.&#x92E;.</subfield>
  </datafield>
  <datafield tag="630" ind1=" " ind2=" ">
    <subfield code="a">"&#x906;&#x920;&#x935; - &#x91C;&#x94D;&#x91E;&#x93E;&#x928;&#x926;&#x947;&#x935;&#x93E;&#x902;S&#x93E;&#x93E;, &#x91C;&#x94D;&#x91E;&#x93E;&#x928;&#x926;&#x947;&#x935;&#x940;S&#x93E;&#x93E;"</subfield>
  </datafield>
  <datafield tag="700" ind1=" " ind2=" ">
    <subfield code="a">&#x92A;&#x920;&#x93E;&#x923; &#x92F;&#x942;.&#x92E;.</subfield>
  </datafield>
  <datafield tag="730" ind1=" " ind2=" ">
    <subfield code="a">"&#x906;&#x920;&#x935; - &#x91C;&#x94D;&#x91E;&#x93E;&#x928;&#x926;&#x947;&#x935;&#x93E;&#x902;S&#x93E;&#x93E;, &#x91C;&#x94D;&#x91E;&#x93E;&#x928;&#x926;&#x947;&#x935;&#x940;S&#x93E;&#x93E;"</subfield>
  </datafield>
  <datafield tag="942" ind1=" " ind2=" ">
    <subfield code="c">BOOK</subfield>
  </datafield>
  <datafield tag="999" ind1=" " ind2=" ">
    <subfield code="c">281162</subfield>
    <subfield code="d">281162</subfield>
  </datafield>
  <datafield tag="952" ind1=" " ind2=" ">
    <subfield code="0">0</subfield>
    <subfield code="1">0</subfield>
    <subfield code="4">0</subfield>
    <subfield code="7">0</subfield>
    <subfield code="a">DASAVA</subfield>
    <subfield code="b">DASAVA</subfield>
    <subfield code="d">1992-05-19</subfield>
    <subfield code="g">50.00</subfield>
    <subfield code="l">0</subfield>
    <subfield code="o">69128</subfield>
    <subfield code="p">DASAVA-69128</subfield>
    <subfield code="r">2009-07-11 00:00:00</subfield>
    <subfield code="v">50.00</subfield>
    <subfield code="w">2009-07-11</subfield>
    <subfield code="y">BOOK</subfield>
  </datafield>
</record>
